• 首页
  • 本馆介绍
  • 公告通知
  • 最新文献
  • 馆藏检索
  • 电子资源
  • 读者导购
  • 参考咨询
  • 我的图书馆
  • 登录
  • 详细信息显示
  • 放入我的书架
  • 预约/预借图书
  • 作者相关作品
  • 分类相关作品
  • 丛书相关作品
  • 出版社相关作品

书目信息

  • 表格格式
  • 工作单格式
  • 卡片格式
题名:
变分学与力学的变分原理
    
 
作者: 刘友生 著
分册: 上  
出版信息: 上海   上海师院物理系  
页数: 119页
开本: 26cm
丛书名:
单 册:
中图分类: O176
科图分类:
主题词: 数学分析
电子资源:
ISBN:
000 00516nam0 2200181 450
001 0632388391
005 20060820090120.04
010    @dCNY0.95
100    @a20060820d km y0chiy0120 ea
101 0  @achi
200 1  @a变分学与力学的变分原理@Abian fen xue yu li xue de bian fen yuan li@h上@f刘友生著@Fliu you sheng zhu
210    @a上海@c上海师院物理系
215    @a119页@d26cm
606 0  @a数学分析
690    @aO176@v3
701  0 @a刘友生@Aliu you sheng@4著
801  0 @aCN@bPFT@c20060820
905    @a10447@dO176@e63:1
    
    变分学与力学的变分原理.上/刘友生著.-上海:上海师院物理系
    119页;26cm
    
    
    ISBN :CNY0.95
    
●
相关链接 在E读中查询图书 在五车中查询图书 在当当中查询图书 在豆瓣中查询图书


正题名:变分学与力学的变分原理     索取号:O176/63:1         预约/预借

序号 登录号 条形码 馆藏地/架位号 状态 备注
1 0468993   204689934   密集书库/ [索取号:O176/63:1] 在馆    
唐山师范学院图书馆 欢迎您!
大连网信软件有限公司© 版权所有